Taylor Swift - Devine la chanson sans indices #33 - Statistiques

Statistiques générales
  • Ce quiz a été pris 376 fois
  • Le résultat moyen est 209 sur 298
Statistiques - réponses
Réponse % Correct
a
99%
I
99%
you
97%
You
97%
the
93%
The
93%
me
90%
be
89%
your
89%
he
88%
it
87%
on
87%
to
86%
So
85%
and
83%
And
83%
have
83%
You're
83%
my
82%
My
82%
of
81%
we're
81%
were
81%
by
80%
no
80%
been
79%
for
79%
in
79%
own,
79%
can
78%
don't
78%
kid
78%
they
78%
always
77%
is
77%
this
77%
It's
74%
it's
74%
what
74%
as
73%
Like
73%
that
73%
who
73%
From
72%
from
72%
know
72%
say
72%
hear
71%
there
71%
friends
70%
make
70%
not
69%
take
69%
Take
69%
with
69%
just
68%
Just
68%
away
67%
can't
67%
All
64%
best
64%
bracelets
64%
could
64%
face
64%
party
64%
friendship
63%
got
63%
see
63%
body
62%
He's
62%
home
62%
moment
62%
never
62%
ashes
61%
'Cause
61%
if
61%
one
61%
Summer
61%
fireplace
60%
money
60%
perfect
60%
took
60%
I'd
59%
kiss
59%
Something
59%
something
59%
went
59%
You've
59%
I'll
58%
saw
58%
splashes
58%
stay
58%
afraid
57%
blood,
57%
blood
57%
saved
57%
tears
57%
them
57%
voice
57%
weren't
57%
dream
56%
funny,
56%
jokes
56%
starved
56%
taste
56%
hosted
55%
loves
55%
parties
55%
reason
55%
step
55%
Yeah,
55%
boys
54%
gave
54%
out
54%
around
53%
better
53%
days
53%
Everything
53%
gonna
52%
learn
52%
long,
52%
looked
52%
pages
52%
Still,
52%
bridges
51%
didn't
51%
lose
51%
sweat,
51%
wait
51%
burned
50%
dreams
50%
smoking
50%
turned
50%
getting
49%
notice
49%
okay,
49%
play
49%
run
49%
aren't
48%
cared
48%
May
48%
cool
47%
great
47%
There's
47%
Anyway
46%
bodies
46%
Daisy
46%
escape
46%
phone
46%
rare
46%
room
46%
sprinkler
46%
town
46%
touch
45%
gown
43%
patiently
43%
different
42%
lot
42%
parking
42%
search
42%
soaked
42%
taxi
42%
choose
41%
songs
39%
yearning
39%
called
38%
petals,
36%
stays
36%
waited
36%
picked
35%
ages
34%
bloomed
34%
Writing
30%
Aucun quiz correspondant
Distribution des résultats
% des personnes avec chaque résultat
Percentile par nombre de réponses
Votre historique - résultats
Vous n’avez pas pris ce quiz